Dôležité je prepojiť offline s onlinom

Minuloročné vianočné kampane už sprevádzala neistota súvisiaca s pandémiou. Napriek tomu firmy hodnotia minulú sviatočnú sezónu pozitívne. U zákazníkov sa prejavili nové trendy v ich nákupnom správaní. Čo vplýva na úspešnosť kampaní.

Guardado en:
Detalles Bibliográficos
Formato: Capítulo de libro
Lenguaje:eslovaco
Materias:
Etiquetas: Agregar Etiqueta
Sin Etiquetas, Sea el primero en etiquetar este registro!

MARC

LEADER 00000naa a2200000 4500
001 0281559
005 20240417075151.5
041 0 |a slo 
044 |a SK 
245 1 0 |a Dôležité je prepojiť offline s onlinom 
520 |a Minuloročné vianočné kampane už sprevádzala neistota súvisiaca s pandémiou. Napriek tomu firmy hodnotia minulú sviatočnú sezónu pozitívne. U zákazníkov sa prejavili nové trendy v ich nákupnom správaní. Čo vplýva na úspešnosť kampaní. 
610 2 0 |a sviatok štátny 
610 2 0 |a kampane reklamné 
610 2 0 |a predajcovia 
610 2 0 |a pandémia 
610 2 0 |a obchod elektronický